000 00195 a2200097 4500
020 _a9780545562706
041 _aspa
100 _aGalan ana
245 _aMas cosas que dice mi abuela
942 _cBK
999 _c10861
_d10861